000 00699nam a2200229Ia 4500
003 OSt
005 20220926030248.0
006 a|||||r|||| 00| 0
007 ta
008 220923b |||||||| |||| 00| 0 eng d
037 _cGeneral Book
040 _aRTL
_cRTL
_beng
041 _2eng
_aeng
082 _aP:2:(Y:351), L1/TD1
100 _aMaranda Pierre
_9131254
245 0 _aStructural analysis of oral tradition
260 _aPhiladelphia
_bUniversity of Pennsyvania Press
_c1971
300 _axxxiii; 323p
_ccm.
700 _a Maranda E K Ed.
_9333923
942 _hP:2:(Y:351), L1/TD1
_cGB
_2CC
999 _c649117
_d649117